| 000 | 00973nam a2200313 a 4500 | ||
|---|---|---|---|
| 003 | AR-BaBNM | ||
| 005 | 20251128205000.0 | ||
| 008 | 082120s2002 ||||||||||||||000 | spa|| | ||
| 020 | _a968-16-3357-X | ||
| 040 | _cAR-BaBNM | ||
| 100 | 1 | _aAvelás Nunes, António José | |
| 245 | 0 | 0 |
_aIndustrialización y desarrollo _bla economía política del "modelo brasileño de desarrollo" |
| 250 | _a1ª ed. | ||
| 260 |
_aMéxico, D.F. _bFondo de Cultura Económica _c1990 |
||
| 300 |
_a628 p. _btablas |
||
| 490 | 0 | _aEconomía contemporánea | |
| 500 | _aContiene referencias bibliográficas en p. 591 | ||
| 650 | 4 | _aINDUSTRIALIZACION | |
| 650 | 4 | _aDESARROLLO INDUSTRIAL | |
| 650 | 4 | _aDESARROLLO ECONOMICO Y SOCIAL | |
| 650 | 4 | _aMONETARISMO | |
| 650 | 4 | _aCRECIMIENTO ECONOMICO | |
| 650 | 4 | _aDISTRIBUCION DE INGRESOS | |
| 651 | 4 | _aBrasil | |
| 700 | 1 |
_aSuárez, Eduardo L. _etraductor |
|
| 700 | 1 |
_aSalazar, Graciela _etraductor |
|
| 942 | _cBK | ||
| 998 | _cMARTIN | ||
| 999 |
_c9572 _d9572 |
||